Vyhláška Úradu priemyselného vlastníctva Slovenskej republiky č. 629/2002 Z.z. z 30. októbra 2002, ...
Vyhláška Úradu priemyselného vlastníctva Slovenskej republiky č. 629/2002 Z.z. z 30. októbra 2002, ktorou sa vykonáva zákon č. 444/2002 Z.z. o dizajnoch + Odôvodnenie k tejto vyhláške.
Enregistré dans:
| Format: | Chapitre de livre |
|---|---|
| Langue: | slovaque |
| Sujets: | |
| Tags: |
Pas de tags, Soyez le premier à ajouter un tag!
|
MARC
| LEADER | 00000naa a2200000 4500 | ||
|---|---|---|---|
| 001 | r047450 | ||
| 005 | 20230927070902.8 | ||
| 041 | 0 | |a slo | |
| 044 | |a SK | ||
| 245 | 1 | 0 | |a Vyhláška Úradu priemyselného vlastníctva Slovenskej republiky č. 629/2002 Z.z. z 30. októbra 2002, ... |
| 520 | |a Vyhláška Úradu priemyselného vlastníctva Slovenskej republiky č. 629/2002 Z.z. z 30. októbra 2002, ktorou sa vykonáva zákon č. 444/2002 Z.z. o dizajnoch + Odôvodnenie k tejto vyhláške. | ||
| 610 | 2 | 0 | |a dizajn |
| 610 | 2 | 0 | |a dizajnéri |
| 610 | 2 | 0 | |a právo priemyselné |
| 610 | 2 | 0 | |a vyhlášky |
| 610 | 2 | 0 | |a Slovensko |
| 610 | 2 | 0 | |a 2002 |